000
00362nam a2200145Ia 4500
008
230411s9999 xx 000 0 und d
020
_a
81-8448-446-1
041
_a
eng
082
_a
PY/150/SRE/B06063
100
_a
Sreevani R
245
_a
Psychology for Nurses
260
_b
Jaypee Brothers
_a
New Delhi
_c
2009
300
_a
324p
999
_c
156523
_d
156523